| 000 | 00715nam a22001817a 4500 | ||
|---|---|---|---|
| 999 |
_c11295 _d11295 |
||
| 003 | AR-CdUCM | ||
| 008 | 190403b ||||| |||| 00| 0 spa d | ||
| 040 |
_aMUNICIPALIDAD PROVINCIAL DEL CUSCO _cBIBLIOTECA MUNICIPAL DEL CUSCO |
||
| 082 |
_a343.6 / _bL46 / 1897 |
||
| 100 |
_aLeon y Leon, Federico _928596 |
||
| 245 | _aTratado de derecho administrativo / | ||
| 260 |
_aLima : _bE. Moreno, _c1897. |
||
| 300 |
_a409 páginas ; _c21 cm. |
||
| 505 | _aContenido: t.1. Definición del derecho administrativo -- Lo que se comprende su estudio -- Ciencia de la administración -- Conocimiento auxiliares del derecho administrativo ... | ||
| 650 |
_aDerecho administrativo _99846 |
||
| 942 |
_2ddc _cLIBROS |
||
| 945 | _aacv | ||